Animal Crossing - les Villageois Chats [avec image] - Statistiques

Statistiques générales
  • Ce quiz a été pris 53 fois
  • Le résultat moyen est 13 sur 24
Statistiques - réponses
Par images Réponse % Correct
Neferti
85%
Raymond
85%
Rosie
85%
Kat
83%
Kiki
71%
Linette
63%
Marine
61%
Cédric
59%
Suzy
59%
Kabuki
56%
Rougepif
56%
Maud
54%
Olivia
54%
Câlin
49%
Tom
49%
Robert
46%
Momo
44%
Monique
44%
Mistigri
41%
Perle
41%
Tigri
34%
Tupux
34%
Kitty
27%
Felyne
15%
Aucun quiz correspondant
Distribution des résultats
% des personnes avec chaque résultat
Percentile par nombre de réponses
Votre historique - résultats
Vous n’avez pas pris ce quiz